000 00351nam a2200157Ia 4500
008 210210b1948 xxu||||| |||| 00| 0 eng d
041 _aeng
082 _a331/4
100 _aBAREAN (P)
245 _aSterling area
260 _aLondon
_bLongman Green & Co.
_c1948
650 _aSterling
650 _aarea
690 _aBanking
906 _a003906
999 _c121497
_d121497